00586nam a2200145 i 450000100060000000300090000600500170001500700030003200800410003511100930007624501410016926000500031030000480036085200320040826701ES-MaACL20230906153503.0t|030110s1970 sp ||||1| spa d2 aAsamblea Nacional de Antracita y de la Minería Leonesa del Carbón (d1970. cLeón)10aAsamblea Nacional de Antracita y dela Minería Leonesa del Carbónb: conferencias magistrales, ponencias, conclusiones definitivas... aLeón : b[s.n., c1970] (fImp. Provincial) a303 p., 21 lám. : b19 gráf. ; c24 cm. aES-MaACLjC-41308 bR.74890